Gyakorlati jóga

Bibliographic Details
Main Author: Varga, Gabriella (Author)
Format: Book
Language:Hungarian
PhysicalDescription:70 s. fotogr. 20 cm
Published: Dunaszerdahely Lilium Aurum 2003
ISBN:8080621713
Edition:1. kiad.
Subjects:

MARC

LEADER 00000nam a2200000 a 4500
001 vtls001467020
003 SK-MaSNL
005 20260302015855.0
008 240314s2003 xo a g 0 hun
015 |a SNBA2004/05-01956 
020 |a 8080621713 
035 |a SNK000422325 
040 |a SNK  |b slo  |c SNK  |e AACR2 
041 0 |a hun 
044 |a xo  |c SK 
072 7 |a 796  |x Šport. Hry. Telesné cvičenia  |2 konspekt 
080 |a 233-852.5Y  |2 1981 
080 |a 796.012.62  |2 1981 
080 |a (035)  |2 1981 
100 1 |a Varga, Gabriella  |4 aut  |9 298902 
245 1 0 |a Gyakorlati jóga  |c Varga Gabriella 
250 |a 1. kiad. 
260 |a Dunaszerdahely  |b Lilium Aurum  |c 2003 
300 |a 70 s.  |b fotogr.  |c 20 cm 
650 0 7 |a joga  |2 SNKPH  |9 4277 
650 0 7 |a hathajoga  |2 SNKPH  |9 4276 
655 7 |a príručky  |2 SNKPH  |9 74364 
752 |a Slovensko  |d Dunajská Streda 
919 |a 80-8062-171-3 
968 |d 793/799 
999 |c 1022976  |d 1024906 
952 |t P60, <03>, [BOOK], {603}  |a SNK  |b SNK  |y PREZ  |7 0  |p 17A0411971  |o snkSD 73519  |i snkKSP 1176/2004  |0 0  |1 0  |4 0  |d 2004-01-29  |l 0  |r 2025-11-20 00:00:00  |w 2026-02-24 
952 |t P60, <04>, [BOOK], {604}  |a SNK  |b SNK  |y VYP  |7 0  |p 17A0411972  |o snkSD 73519 D1  |i snkKSP 1177/2004  |0 0  |1 0  |4 0  |d 2004-01-29  |l 0  |r 2005-01-02 00:00:00  |w 2026-02-24